Titre dans les paroles - Red Hot Chili Peppers - Statistiques

Statistiques générales
  • Ce quiz a été pris 466 fois
  • Le résultat moyen est 7 sur 10
Statistiques - réponses
Sujet Titre % Correct
The sun may rise in the East, at least it settled in a final location It's understood that Hollywood sells _______________ Californication
96%
___'_ ____, addicted to the shindig Chop Top, he says I'm gonna win big Choose not a life of imitation Distant cousin to the reservation Can't stop
78%
_____ ___ ______ downtown
Is where I drew some blood
_____ ___ ______ downtown
I could not get enough
Under the bridge
77%
Standing in line to see the show tonight And there's a light on, heavy glow __ ___ ___, I tried to say I'd be there waiting for By the way
74%
____ ______ that I wish you saw Sarcastic mister know-it-all Close your eyes and I'll kiss you 'Cause with the birds I'll share Scar Tissue
68%
I heard your voice through a photograph I thought it up it brought up the past Once you know you can never go back I gotta take it on the _________ Otherside
67%
Deep beneath the cover of another perfect wonder Where it's so white as ____ Privately divided by a world so undecided And there's nowhere to go Snow (Hey Oh)
59%
She's a lover, baby and a fighter Shoulda seen her comin' when it got a little brighter With a name like ____ __________ Day was gonna come when I was gonna mourn ya Dani California
57%
You don't know my mind, you don't know my kind
____ ___________ are part of my design and
Tell the world that I'm falling from the sky
____ ___________ are part of my design
Dark Necessities
51%
I will be your ______ _____You know, the world is ours for a little while And then, I will be your poster child tonight, ow La-da-da-da, ba-ba-ba-dum Poster Child
25%
Aucun quiz correspondant
Distribution des résultats
% des personnes avec chaque résultat
Percentile par nombre de réponses
Votre historique - résultats
Vous n’avez pas pris ce quiz